Slavjanskaja mikrofilologija
| Titel: | Slavjanskaja mikrofilologija = Slavic microphilology / pod redakciej Aleksandra D. Duličenko, Motoki Nomati |
|---|---|
| Beteiligt: | ; |
| Veröffentlicht: |
Sapporo : Slavic-Eurasian Research Center, Hokkaido University, 2018 Tartu : Slaavi filoloogia osakond, Tartu Ülikool, 2018 |
| Umfang: | 453 Seiten |
| Format: | Buch |
| Sprache: | Russisch; Englisch; Ukrainisch; Mehrsprachig |
| Schriftenreihe/ mehrbändiges Werk: |
Slavic Eurasian studies ; no. 34 Slavica Tartuensia ; 11 |
| ISBN: | 9784938637941 |
| Hinweise zum Inhalt: |
Inhaltsverzeichnis
Cover |
alg: 49820655 001A $03004:16-08-22 001B $01999:02-12-24 $t22:32:34.000 001D $03004:16-08-22 001U $0utf8 001X $00 002@ $0Aau 002C $aText $btxt $2rdacontent 002D $aohne Hilfsmittel zu benutzen $bn $2rdamedia 002E $aBand $bnc $2rdacarrier 003@ $0498206556 003O $01137137416 $aOCoLC 004A $A978-4-938637-94-1 007A $0BV047558459 $aBVB 007G $0DE0208FBF75A413C905E6C12588D300485F82 009P $qapplication/pdf $A2 $3Inhaltsverzeichnis $uhttp://scans.hebis.de/HEBCGI/show.pl?49820655_toc.pdf $mV:DE-603;B:DE-Mb50 009P $qapplication/pdf $A2 $3Cover $uhttp://scans.hebis.de/HEBCGI/show.pl?49820655_cov.pdf $mV:DE-603;B:DE-Mb50 010@ $arus $aeng $aukr $amul 010E $erda 011@ $a2018 $n2018 021A $aSlavjanskaja mikrofilologija $fSlavic microphilology $hpod redakciej Aleksandra D. Duličenko, Motoki Nomati 028C $BHerausgeber $#Дуличенко, Александр Дмитриевич $#Duličenko, Aleksandr D. $#Dulitšenko, A. D. $#Dulicenko, Alexandro D. $#Dulichenko, Aleksandr D. $#Duličenko, Aleksandr $#Duličenko, Aleksander Dmitriʹevič $#Dulichenko, Aleksandr Dmitrievich $#Dulichenko, Alexandr D. $#Dulitsenko, Aleksander $#Dulichenko, A. D. $#Duličenko, A. D. $#Duličenko, Aleksander D. $#Dulyčenko, Aleksander D. $#Dulitšenko, Aleksandr D. $#Dulitšenko, Aleksandr $#Duličenko, A. D. $4edt $7103176446 $8Duličenko, Aleksandr Dmitrievič$Z1941- [Tp1] $913860858X 028C $BHerausgeber $#野町, 素己 $#野町素己 $4edt $71066833036 $8Nomachi, Motoki$Z1976- [Tp3] $9354866362 033A $pSapporo $nSlavic-Eurasian Research Center, Hokkaido University 033A $pTartu $nSlaavi filoloogia osakond, Tartu Ülikool 034D $a453 Seiten 036E $aSlavic Eurasian studies $lno. 34 036E/01 $aSlavica Tartuensia $l11 044K $#Karpato-Ukraine $#Karpato-Russland $#Karpato-Ruthenien $#Kárpátalja $#Zakarpatsk̀a oblast $#Zakarpattja $#Prikarpatʹe $#Prykarpattja $#Karpatorossija $#Zakarpatsk̀aja oblast $#Podkarpatská Rus $#Podkarpatskaja Rusʹ $#Transcarpathian Region $#Zakarpatsʹka Oblastʹ, Administracija $#Deržavna Administracija Zakarpatsʹka Oblastʹ $#Administracija Zakarpatsʹka Oblastʹ $#Zakarpatsʹka Oblasna Deržavna Administracija $#Transcarpathian Regional State Administration $#Zakarpatsʹka Oblastʹ, Administration $#Regional State Administratin Zakarpatsʹka Oblastʹ $#State Administration Zakarpatsʹka Oblastʹ $#Administration Zakarpatsʹka Oblastʹ $#Zakarpatsʹka Oblderžadministracija $#Zakarpatsʹka Oblastʹ $74060655-7 $8Transkarpatien [Tg1] $9085168432 044K $RUkrainische SSR $#Ukraine $#Ukraine $#Украïна $#Ukrainische SSR $#Ukrajina $#Ukraina $#Ukraïna Ukraine $#Ukraina Ukraine $#Ukrajna $74061496-7 $8Ukraine [Tgz] $9085170801 044K $qBVB $REuropa $ROstblock $ROstmitteleuropa $#Europa, Ost $#Östliches Europa $#Central Europe Osteuropa $74075739-0 $8Osteuropa [Tg1] $9085214396 044K $qBVB $REuropa $RDonauländer $RBalkanhalbinsel $#Südosteuropa $#Südosteuropa $#Europa, Südost $74058449-5 $8Südosteuropa [Tg1] $9085162280 044K $qBVB $RMitteleuropa $RVisegrád-Staaten $ROsteuropa $#Ostmitteleuropa $#Ostmitteleuropa $#Mitteleuropa, Ost $#Central Europe Ostmitteleuropa $#Mittelosteuropa $74075753-5 $8Ostmitteleuropa [Tg1] $9085214485 044K $qBVB $RSlawin $#Slavs $#Slaves $#Eslavos $#Slawen $#Slawe $#Slawische Völker $#Slaven $#Slawisches Sprachgebiet $#Slawische Staaten $74077491-0 $8Slawen [Ts1] $908521955X 044K $qBVB $RGeschichtsphilosophie $RVergangenheit $#History $#Histoire $#Storia $#history $#History $#Geschichte $#Landesgeschichte $#Regionalgeschichte $#Ortsgeschichte $#Zeitgeschichte $74020517-4 $8Geschichte [Tsz] $9085049352 044K $qBVB $RKulturphilosophie $RZivilisation $#Civilization $#Culture $#Civilisation $#Culture $#Cultura $#Civilización $#Kultur $#Kultur $#kulturelle Faktoren $74125698-0 $8Kultur [Tsz] $9085424803 044K $qBVB $RMinderheit $RBedrohtes Volk $REthnische Gruppe $#Minorities $#Minorités $#Minderheit $#Ethnische Minorität $#Ethnisch-kulturelle Minderheit $#Ethnische Minderheit $#Nationale Minderheiten $74039409-8 $8Nationale Minderheit [Ts1] $908510745X 044K $qBVB $#Language and languages $#Langage et langues $#Sprachen $74056449-6 $8Sprache [Ts1] $9085157090 044K $RSchriftsprache $#Mikroliteratursprache $74677899-8 $8Mikroschriftsprache [Ts1] $9103732098 044K $ROstslawische Sprachen $#Russinisch $#Ruthenisch Rusinisch $#Karpatoukrainisch Rusinisch $#Carpatho-Russian $74178735-3 $8Rusinisch [Ts1] $9085848034 044K $RSorbin $RElb- und Ostseeslawen $#Sorbs $#Sorabes $#Sorbe $#Wenden $#Serbja obersorbisch $#Serby niedersorbisch $74055619-0 $8Sorben [Ts1] $9085154792 044K $RWestslawische Sprachen $#Sorbian languages $#Sorabe (langue) $#Lingua soraba $#Lenguas sorbias $#Lausitzisch Slawische Sprache $#Wendisch $#Sorbische Sprachen $#Serbšćina $74116533-0 $8Sorbisch [Ts1] $9085355984 044K $RPomoranen $#Kashubes $#Kachoubes $#Kashubes $#Kassubes $#Kaszuby $74029854-1 $8Kaschuben [Ts1] $9085078999 044K $#Lausitz $#Łužica $#Markgrafschaft Lausitz $#Łużyce $74034753-9 $8Lausitz [Tg1] $9085093602 045F $a400 $eDDC23BSB 045F/01 $a400 045F/03 $f090512 045F/03 $g437 046L $aBeiträge russisch, serbisch, englisch, ukrainisch, polnisch, deutsch lok: 49820655 24 exp: 49820655 24 1 #EPN 201B/01 $012-09-22 $t08:18:46.000 201C/01 $016-08-22 201U/01 $0utf8 203@/01 $01212470184 208@/01 $a12-09-22 $bz 209A/01 $a22.03997 $du $f050 $h22 03997 $x00 209C/01 $a22.03997 T $h22 03997 T 209G/01 $a74649270 $x00 220C/01 $ahae 247C/01 $8358050-7Marburg, Bibliothek des Herder-Instituts Marburg $9102600961
| LEADER | 00000cam a2200000 c 4500 | ||
|---|---|---|---|
| 001 | 498206556 | ||
| 003 | DE-603 | ||
| 005 | 20241202223234.0 | ||
| 007 | tu | ||
| 008 | 220816s2018 xx |||| | u00||u|rus c | ||
| 020 | |a 9784938637941 | ||
| 035 | |a (DE-599)BVBBV047558459 | ||
| 035 | |a (OCoLC)1137137416 | ||
| 040 | |a DE-603 |b ger |c DE-603 |d DE-603 |e rda | ||
| 041 | |a rus |a eng |a ukr |a mul | ||
| 082 | 0 | 4 | |8 1\u |a 400 |q DE-101 |2 23/BSB |
| 085 | |8 1\u |b 400 | ||
| 085 | |8 1\u |z 1 |s 090512 | ||
| 085 | |8 1\u |z 2 |s 437 | ||
| 245 | 0 | 0 | |a Slavjanskaja mikrofilologija |b = Slavic microphilology |c pod redakciej Aleksandra D. Duličenko, Motoki Nomati |
| 264 | 1 | |a Sapporo |b Slavic-Eurasian Research Center, Hokkaido University |c 2018 | |
| 264 | 1 | |a Tartu |b Slaavi filoloogia osakond, Tartu Ülikool |c 2018 | |
| 300 | |a 453 Seiten | ||
| 336 | |a Text |b txt |2 rdacontent | ||
| 337 | |a ohne Hilfsmittel zu benutzen |b n |2 rdamedia | ||
| 338 | |a Band |b nc |2 rdacarrier | ||
| 490 | 0 | |a Slavic Eurasian studies |v no. 34 | |
| 490 | 0 | |a Slavica Tartuensia |v 11 | |
| 546 | |a Beiträge russisch, serbisch, englisch, ukrainisch, polnisch, deutsch | ||
| 650 | 7 | |a Slawen |0 (DE-588)4077491-0 |0 (DE-603)08521955X |2 gnd | |
| 650 | 7 | |a Geschichte |0 (DE-588)4020517-4 |0 (DE-603)085049352 |2 gnd | |
| 650 | 7 | |a Kultur |0 (DE-588)4125698-0 |0 (DE-603)085424803 |2 gnd | |
| 650 | 7 | |a Nationale Minderheit |0 (DE-588)4039409-8 |0 (DE-603)08510745X |2 gnd | |
| 650 | 7 | |a Sprache |0 (DE-588)4056449-6 |0 (DE-603)085157090 |2 gnd | |
| 650 | 7 | |a Mikroschriftsprache |0 (DE-588)4677899-8 |0 (DE-603)103732098 |2 gnd | |
| 650 | 7 | |a Rusinisch |0 (DE-588)4178735-3 |0 (DE-603)085848034 |2 gnd | |
| 650 | 7 | |a Sorben |0 (DE-588)4055619-0 |0 (DE-603)085154792 |2 gnd | |
| 650 | 7 | |a Sorbisch |0 (DE-588)4116533-0 |0 (DE-603)085355984 |2 gnd | |
| 650 | 7 | |a Kaschuben |0 (DE-588)4029854-1 |0 (DE-603)085078999 |2 gnd | |
| 651 | 7 | |a Transkarpatien |0 (DE-588)4060655-7 |0 (DE-603)085168432 |2 gnd | |
| 651 | 7 | |a Ukraine |0 (DE-588)4061496-7 |0 (DE-603)085170801 |2 gnd | |
| 651 | 7 | |a Osteuropa |0 (DE-588)4075739-0 |0 (DE-603)085214396 |2 gnd | |
| 651 | 7 | |a Südosteuropa |0 (DE-588)4058449-5 |0 (DE-603)085162280 |2 gnd | |
| 651 | 7 | |a Ostmitteleuropa |0 (DE-588)4075753-5 |0 (DE-603)085214485 |2 gnd | |
| 651 | 7 | |a Lausitz |0 (DE-588)4034753-9 |0 (DE-603)085093602 |2 gnd | |
| 700 | 1 | |a Duličenko, Aleksandr Dmitrievič |d 1941- |e Herausgeber |4 edt |0 (DE-603)13860858X |0 (DE-588)103176446 |2 gnd | |
| 700 | 1 | |a Nomachi, Motoki |d 1976- |e Herausgeber |4 edt |0 (DE-603)354866362 |0 (DE-588)1066833036 |2 gnd | |
| 856 | 4 | 2 | |m V:DE-603;B:DE-Mb50 |q application/pdf |u http://scans.hebis.de/HEBCGI/show.pl?49820655_toc.pdf |3 Inhaltsverzeichnis |
| 856 | 4 | 2 | |m V:DE-603;B:DE-Mb50 |q application/pdf |u http://scans.hebis.de/HEBCGI/show.pl?49820655_cov.pdf |3 Cover |
| 924 | 0 | |9 Mb 50 |a (DE-603)1212470184 |b DE-Mb50 |c HES |d c |g 22.03997 | |


